Dejepis pre 7. ročník základnej školy pre nevidiacich žiakov a žiakov so zvyškami zraku 1. zväzok

Bibliographic Details
Main Authors: Tonková, Mária, 1953- (Author), Lukačka, Ján, 1952- (Author), Kačírek, Ľuboš, 1971- (Author), Hanová, Soňa (Author), Letz, Róbert, 1967- (Author), Motyková, Jana (Adapter)
Format: Braille Book
Language:Slovak
PhysicalDescription:1 zv. v Braillovom písme 25 x 32 cm
Published: Bratislava Slovenské pedagogické nakladateľstvo - Mladé letá 2016
ISBN:9788010029709
Edition:1. vyd.
Subjects:

MARC

LEADER 00000nam a2200000 a 4500
001 vtls011607236
003 SK-MaSNL
005 20260301042358.0
007 fb a un a
008 170127s2016 xo ffp 000 0 slo
015 |a SNBK2017 
020 |a 9788010029709 
040 |a SNK  |b slo  |c SNK  |e AACR2 
041 0 |a slo 
044 |a xo  |c SK 
072 7 |a 93/94  |x Dejiny (všeobecne)  |2 konspekt 
072 7 |a 37.016  |x Učebné osnovy. Vyučovacie predmety. Učebnice  |2 konspekt 
080 |a 93/94  |2 2001 
080 |a 316.344.6-056.262-053.2  |2 2011 
080 |a (075.2)  |2 2001 
080 |a (0:003.24)  |2 2001 
080 |a (02.056.262)  |2 2001 
245 0 0 |a Dejepis  |h Braillovo písmo  |b pre 7. ročník základnej školy pre nevidiacich žiakov a žiakov so zvyškami zraku  |n 1. zväzok  |c autori: Róbert Letz ... [et al.] ; modifikátorka: Jana Motyková 
250 |a 1. vyd. 
260 |a Bratislava  |b Slovenské pedagogické nakladateľstvo - Mladé letá  |c 2016 
300 |a 1 zv. v Braillovom písme  |c 25 x 32 cm 
650 0 7 |a zrakovo postihnuté deti  |2 SNKPH  |9 1078 
650 0 7 |a dejepis  |2 SNKPH  |9 4288 
655 7 |a publikácie pre nevidiacich  |2 SNKPH  |9 70695 
655 7 |a učebnice základných škôl  |2 SNKPH  |9 70187 
655 7 |a publikácie v Braillovom písme  |2 SNKPH  |9 222610 
700 1 |a Tonková, Mária,  |d 1953-  |4 aut  |9 7902 
700 1 |a Lukačka, Ján,  |d 1952-  |4 aut  |9 102667 
700 1 |a Kačírek, Ľuboš,  |d 1971-  |4 aut  |9 211639 
700 1 |a Hanová, Soňa  |4 aut  |9 338270 
700 1 |a Letz, Róbert,  |d 1967-  |4 aut  |9 102956 
700 1 |a Motyková, Jana  |4 adp  |9 345549 
919 |a 978-80-10-02970-9 
958 |a SX 
999 |c 590849  |d 592779 
952 |a SNK  |b SNK  |y PREZ  |7 0  |p 17A1251832  |o snkOSB 18728/1  |i snk2017/2480  |8 0  |0 0  |1 0  |4 0  |d 2017-01-27  |l 0  |r 2026-02-23 15:23:31  |w 2026-02-23